|
|
|
|
| LEADER |
00000caa a22000002c 4500 |
| 001 |
1912599864 |
| 003 |
DE-627 |
| 005 |
20250126055019.0 |
| 007 |
tu |
| 008 |
241217s1994 xx ||||| 00| ||eng c |
| 035 |
|
|
|a (DE-627)1912599864
|
| 035 |
|
|
|a (DE-599)KXP1912599864
|
| 040 |
|
|
|a DE-627
|b ger
|c DE-627
|e rda
|
| 041 |
|
|
|a eng
|
| 084 |
|
|
|a 2,1
|2 ssgn
|
| 100 |
1 |
|
|a Caspersen, Erik
|e VerfasserIn
|0 (DE-588)171217004
|0 (DE-627)061395463
|0 (DE-576)132027755
|4 aut
|
| 109 |
|
|
|a Caspersen, Erik
|
| 245 |
1 |
0 |
|a Is a Value Added Tax Regressive? Annual Versus Lifetime Incidence Measures
|
| 264 |
|
1 |
|c 1994
|
| 336 |
|
|
|a Text
|b txt
|2 rdacontent
|
| 337 |
|
|
|a ohne Hilfsmittel zu benutzen
|b n
|2 rdamedia
|
| 338 |
|
|
|a Band
|b nc
|2 rdacarrier
|
| 700 |
1 |
|
|a Metcalf, Gilbert E.
|e VerfasserIn
|0 (DE-588)124086152
|0 (DE-627)085628581
|0 (DE-576)165891319
|4 aut
|
| 773 |
0 |
8 |
|i Enthalten in
|t National tax journal
|d Chicago, Ill. : Univ. of Chicago Press, 1948
|g 47(1994), 4, Seite 731-746
|w (DE-627)129494798
|w (DE-600)207077-7
|w (DE-576)014892510
|x 0028-0283
|7 nnas
|
| 773 |
1 |
8 |
|g volume:47
|g year:1994
|g number:4
|g pages:731-746
|
| 787 |
0 |
8 |
|i Forschungsdaten
|a United States Department of Labor. Bureau of Labor Statistics
|t Consumer Expenditure Survey, 1993: Interview Survey
|d [Erscheinungsort nicht ermittelbar] : [Verlag nicht ermittelbar], 1997
|w (DE-627)1902797884
|
| 787 |
0 |
8 |
|i Forschungsdaten
|a United States Department of Labor. Bureau of Labor Statistics
|t Consumer Expenditure Survey, 1992: Diary Survey
|d [Erscheinungsort nicht ermittelbar] : [Verlag nicht ermittelbar], 1995
|w (DE-627)1902797558
|
| 787 |
0 |
8 |
|i Forschungsdaten
|a United States Department of Labor. Bureau of Labor Statistics
|t Consumer Expenditure Survey, 1991: Diary Survey
|d [Erscheinungsort nicht ermittelbar] : [Verlag nicht ermittelbar], 1993
|w (DE-627)1902797469
|
| 787 |
0 |
8 |
|i Forschungsdaten
|a Seron, Carroll
|t Survey of Lawyers in the Metropolitan New York Media Market, 1989
|d [Erscheinungsort nicht ermittelbar] : [Verlag nicht ermittelbar], 1993
|w (DE-627)1840063815
|
| 787 |
0 |
8 |
|i Forschungsdaten
|a United States Department of Labor. Bureau of Labor Statistics
|t Consumer Expenditure Survey, 1989: Interview Survey
|d [Erscheinungsort nicht ermittelbar] : [Verlag nicht ermittelbar], 1992
|w (DE-627)190280080X
|
| 787 |
0 |
8 |
|i Forschungsdaten
|a United States Department of Labor. Bureau of Labor Statistics
|t Consumer Expenditure Survey, 1982-1983: Interview Survey
|d [Erscheinungsort nicht ermittelbar] : [Verlag nicht ermittelbar], 1987
|w (DE-627)1902799739
|
| 787 |
0 |
8 |
|i Forschungsdaten
|a United States Department of Labor. Bureau of Labor Statistics
|t Consumer Expenditure Survey, 1980-1981: Interview Survey
|
| 787 |
0 |
8 |
|i Forschungsdaten
|a United States Department of Labor. Bureau of Labor Statistics
|t Consumer Expenditure Survey, 1984: Interview Survey
|
| 787 |
0 |
8 |
|i Forschungsdaten
|a United States Department of Labor. Bureau of Labor Statistics
|t Consumer Expenditure Survey, 1985: Interview Survey
|
| 787 |
0 |
8 |
|i Forschungsdaten
|a United States Department of Labor. Bureau of Labor Statistics
|t Consumer Expenditure Survey, 1986: Interview Survey
|
| 787 |
0 |
8 |
|i Forschungsdaten
|a United States Department of Labor. Bureau of Labor Statistics
|t Consumer Expenditure Survey, 1987: Interview Survey
|
| 787 |
0 |
8 |
|i Forschungsdaten
|a United States Department of Labor. Bureau of Labor Statistics
|t Consumer Expenditure Survey, 1988: Interview Survey
|
| 935 |
|
|
|a mkri
|
| 951 |
|
|
|a AR
|
| ELC |
|
|
|b 1
|
| LOK |
|
|
|0 000 xxxxxcx a22 zn 4500
|
| LOK |
|
|
|0 001 4637565383
|
| LOK |
|
|
|0 003 DE-627
|
| LOK |
|
|
|0 004 1912599864
|
| LOK |
|
|
|0 005 20241217044628
|
| LOK |
|
|
|0 008 241217||||||||||||||||ger|||||||
|
| LOK |
|
|
|0 035
|a (DE-2619)ICPSR5924
|
| LOK |
|
|
|0 040
|a DE-2619
|c DE-627
|d DE-2619
|
| LOK |
|
|
|0 092
|o n
|
| LOK |
|
|
|0 852
|a DE-2619
|
| LOK |
|
|
|0 852 1
|9 00
|
| LOK |
|
|
|0 935
|a nacp
|
| LOK |
|
|
|0 939
|a 17-12-24
|b l01
|
| ORI |
|
|
|a SA-MARC-krimdoka001.raw
|